Score 0/15 Timer 04:00
1 Play Today
% Correct
Athens
99.5%
Thessaloniki
87.2%
Patras
58%
Larissa
51.1%
Heraklion
50.5%
Piraeus
44.1%
Volos
43.6%
Peristeri
16.5%
% Correct
Kalamaria
10.6%
Glyfada
8.5%
Kallithea
7.4%
Ilio
7.4%
Acharnes
6.4%
Keratsini
2.1%
Nakaia
0.5%
Remove Ads.
Support Sporcle.
Get the best of Sporcle when you Go Orange. This ad-free experience offers more features, more stats, and more fun while also helping to support Sporcle. Thank you for becoming a member.

You're not logged in!

Compare scores with friends on all Sporcle quizzes.
OR
Log In

Show Comments

Extras

Created Nov 6, 2010SourceReportNominate
Tags:Population Quiz

Top Quizzes Today


Score Distribution

Your Account Isn't Verified!

In order to create a playlist on Sporcle, you need to verify the email address you used during registration. Go to your Sporcle Settings to finish the process.

Report this User

Report this user for behavior that violates our Community Guidelines.

Details: